| 000 | 010210am a2200277 004500 | ||
|---|---|---|---|
| 003 | EG-GiCUC | ||
| 008 | 800204s1963 fr ab b 000 0 fre | ||
| 010 | _a 67092784 | ||
| 040 |
_aDLC _cInLP _dDLC |
||
| 042 | _apremarc | ||
| 050 | 0 | 0 |
_aHD9575.R82 _bC46 |
| 092 | 0 | 4 |
_a338.272800947 _bC462 _221 |
| 099 |
_a04 _a338.272800947 C462 |
||
| 100 | 1 | _aChapelle, Jean. | |
| 245 | 1 | 0 |
_aURSS, second producteur de pe{u00A4}_trole du monde / _cJean Chapelle ; avec la collaboration de Sonia Ketchian. |
| 260 |
_aParis : _bEditions Technip, _c1963. |
||
| 300 |
_ax, 314 p. : _bill., maps (part fold.) ; _c24 cm. |
||
| 490 | 0 |
_aPublications de l'Institut Franc{u00A4}_ais du Pe{u00A4}_trole. Collection Science et technique du pe{u00A4}_trole ; _vno. 4 |
|
| 504 | _aBibliography: p. [307]-314. | ||
| 650 | 0 |
_aPetroleum industry and trade _zSoviet Union. |
|
| 700 | 1 | _aKetchian, Sonia. | |
| 905 | _aمى | ||
| 905 |
_aEman _eRev |
||
| 942 |
_2ddc _cBK |
||
| 999 |
_c107848 _d107848 |
||